<?xml version="1.0" encoding="UTF-8"?>
<record
    xmlns:xsi="http://www.w3.org/2001/XMLSchema-instance"
    xsi:schemaLocation="http://www.loc.gov/MARC21/slim http://www.loc.gov/standards/marcxml/schema/MARC21slim.xsd"
    xmlns="http://www.loc.gov/MARC21/slim">

  <leader>00627nam a22001817a 4500</leader>
  <datafield tag="999" ind1=" " ind2=" ">
    <subfield code="c">61095</subfield>
    <subfield code="d">61095</subfield>
  </datafield>
  <controlfield tag="005">20231219115313.0</controlfield>
  <controlfield tag="008">231219s1993    ru ||||| |||| 00| 0 rus d</controlfield>
  <datafield tag="020" ind1=" " ind2=" ">
    <subfield code="a">5734900028</subfield>
  </datafield>
  <datafield tag="041" ind1=" " ind2=" ">
    <subfield code="a">rus</subfield>
  </datafield>
  <datafield tag="080" ind1=" " ind2=" ">
    <subfield code="a">94(3) P-15</subfield>
  </datafield>
  <datafield tag="100" ind1=" " ind2=" ">
    <subfield code="a">&#x420;&#x430;&#x434;&#x436;&#x430;&#x43A;? &#x422;&#x435;&#x441;&#x441;&#x430;</subfield>
    <subfield code="9">20781</subfield>
  </datafield>
  <datafield tag="245" ind1=" " ind2=" ">
    <subfield code="a">&#x418;&#x43E;&#x441;&#x438;&#x444; &#x424;&#x43B;&#x430;&#x432;&#x438;&#x439;. &#x418;&#x441;&#x442;&#x43E;&#x440;&#x438;&#x43A; &#x438; &#x43E;&#x431;&#x449;&#x435;&#x441;&#x442;&#x432;&#x43E; /</subfield>
    <subfield code="c">&#x422;&#x435;&#x441;&#x441;&#x430; &#x420;&#x430;&#x434;&#x436;&#x430;&#x43A; </subfield>
  </datafield>
  <datafield tag="264" ind1=" " ind2=" ">
    <subfield code="a">&#x41C;&#x43E;&#x441;&#x43A;&#x432;&#x430;,</subfield>
    <subfield code="c">1993.</subfield>
  </datafield>
  <datafield tag="300" ind1=" " ind2=" ">
    <subfield code="a">275 &#x441;.;</subfield>
    <subfield code="b">21 &#x441;&#x43C;.</subfield>
  </datafield>
  <datafield tag="653" ind1=" " ind2=" ">
    <subfield code="a">&#x10D8;&#x10DD;&#x10E1;&#x10D4;&#x10D1; &#x10E4;&#x10DA;&#x10D0;&#x10D5;&#x10D8;&#x10E3;&#x10E1;&#x10D8;. &#x10D8;&#x10E1;&#x10E2;&#x10DD;&#x10E0;&#x10D8;&#x10D9;&#x10DD;&#x10E1;&#x10D8; &#x10D3;&#x10D0; &#x10E1;&#x10D0;&#x10D6;&#x10DD;&#x10D2;&#x10D0;&#x10D3;&#x10DD;&#x10D4;&#x10D1;&#x10D0;</subfield>
  </datafield>
  <datafield tag="653" ind1=" " ind2=" ">
    <subfield code="a">&#x10D8;&#x10E1;&#x10E2;&#x10DD;&#x10E0;&#x10D8;&#x10D0;</subfield>
  </datafield>
  <datafield tag="942" ind1=" " ind2=" ">
    <subfield code="2">udc</subfield>
    <subfield code="c">BK</subfield>
  </datafield>
</record>
